Countries that Border Russia - Statistics

General Stats
  • This quiz has been taken 20 times
  • The average score is 13 of 14
Answer Stats
Countries % Correct
China
100%
Estonia
100%
Finland
100%
Latvia
100%
Lithuania
100%
Ukraine
100%
Belarus
94%
Georgia
89%
Kazakhstan
89%
North Korea
89%
Poland
89%
Azerbaijan
83%
Mongolia
83%
Norway
83%
No matching quizzes found
Score Distribution
Percent of People with Each Score
Percentile by Number Answered
Your Score History
You have not taken this quiz